000
00199 a2200097 4500
001
18023
100
_a
Stern, S M
245
_a
Muslim studies
260
_a
_b
Allen & Unwin
_c
090
_c
13327
_d
13327
942
_a
NUST-CAE
_c
M
_c
3700
999
_c
253096
_d
253096